Fragmenta regalia, or, Observations on the late Queen Elizabeth, her times, and favourites /

Bibliographic Details
Main Author: Naunton, Robert, Sir, 1563-1635
Format: eBook
Language:English
Published: London : Printed by T. Mab and A. Coles for W. Sheares ..., 1650.
Series:Early English books online.
Subjects:
Online Access:Connect to the full text of this electronic book

MARC

Tag First Indicator Second Indicator Subfields
LEADER 00000nam a2200000Ia 4500
001 in00004296621
005 20200810082022.0
006 m g d
007 cr bn |||a|bb|
008 860208s1650 enk o 00| |ceng d
035 |a (OCoLC)13127074 
040 |a EAA  |c EAA  |d m/c  |d WaOLN 
037 |a CL0037000022  |b ProQuest Information and Learning. 300 N. Zeeb Rd., Ann Arbor, MI 48106 
043 |a e-uk-en 
045 |a t5u0 
049 |a UMIA 
100 1 |a Naunton, Robert,  |c Sir,  |d 1563-1635. 
245 1 0 |a Fragmenta regalia, or, Observations on the late Queen Elizabeth, her times, and favourites /  |c written by Sir Robert Naunton ... 
260 |a London :  |b Printed by T. Mab and A. Coles for W. Sheares ...,  |c 1650. 
300 |a 1 online resource ([2], 89 pages) 
336 |a text  |b txt  |2 rdacontent 
337 |a computer  |b c  |2 rdamedia 
338 |a online resource  |b cr  |2 rdacarrier 
500 |a Reproduction of original in Huntington Library. 
510 4 |a Wing  |c N252 
505 0 |a Leicester -- Sussex -- Lord Burleigh -- Sir Philip Sydney -- Sir Fr. Walsingham -- Willoughby -- Sir Nic. Bacon -- Lord Norris -- Knowls -- Sir John Perrot -- Hatton -- Lord Effingham -- Sir John Packington -- Lord Hunsdon -- Rawleigh -- Grevil -- Essex -- Buckhurst -- Lord Mountjoy -- Cecil -- Vere -- Worcester. 
533 |a Electronic reproduction.  |b Ann Arbor, Mich. :  |c UMI,  |d 1999-  |f (Early English books online)  |n Digital version of: (Early English books, 1641-1700 ; 746:39)  |7 s1999 miun s 
600 0 0 |a Elizabeth  |b I,  |c Queen of England,  |d 1533-1603. 
651 0 |a Great Britain  |x Court and courtiers. 
651 0 |a Great Britain  |v Biography. 
651 0 |a Great Britain  |x History  |y Elizabeth, 1558-1603. 
740 0 |a Observations on the late Queen Elizabeth. 
830 0 |a Early English books online. 
856 4 0 |u http://proxy.library.tamu.edu/login?url=https://search.proquest.com/docview/2240860940  |z Connect to the full text of this electronic book  |t 0 
999 f f |s ed8a9058-d344-399c-b3fc-863420e7d08a  |i a21c2fe8-d6d4-3706-bfd8-df1109598348  |t 0 
952 f f |a Texas A&M University  |b College Station  |c Electronic Resources  |d Available Online  |t 0  |h No information provided 
998 f f |t 0  |l Available Online